Normal view
MARC view
- رسم الحرف-الفن
Entry Topical Term
001 - CONTROL NUMBER
- control field: 12917
003 - CONTROL NUMBER IDENTIFIER
- control field: JO-AjAnu
005 - DATE AND TIME OF LATEST TRANSACTION
- control field: 20230606072353.0
008 - FIXED-LENGTH DATA ELEMENTS
- fixed length control field: 230606|| aca||aabn | a|a d
040 ## - CATALOGING SOURCE
- Original cataloging agency: JO-AjAnu
- Transcribing agency: JO-AjAnu
150 ## - HEADING--TOPICAL TERM
- Topical term or geographic name entry element: رسم الحرف-الفن
670 ## - SOURCE DATA FOUND
- Source citation: Work cat.: (JO-AjAnu)6647: سينو,سيرج تأليف/عبد الجليل برتو,هناء مترجم, author 12916, المدخل في رسم الحرف